Interpretability methods of deep neural networks for medical image data processing
Na minha lista:
| Autor principal: | |
|---|---|
| Outros Autores: | |
| Formato: | Manuscrito Livro |
| Idioma: | eslovaco inglês |
| Publicado em: |
2023
|
| Assuntos: | |
| Acesso em linha: | http://is.stuba.sk/zp/portal_zp.pl?podrobnosti=162751 |
| Tags: |
Sem tags, seja o primeiro a adicionar uma tag!
|
MARC
| LEADER | 00000ntm a22000003a 4500 | ||
|---|---|---|---|
| 001 | stuzp92505 | ||
| 003 | SK-STU | ||
| 005 | 20230909213407.8 | ||
| 007 | ta | ||
| 008 | 150427s2015----xo-----f-mn---000-0-slo-d | ||
| 040 | |a STU |b slo | ||
| 041 | 0 | |a eng | |
| 100 | 1 | |a Stahovec, Marko |u 070400 |4 aut |U FIIT Fakulta informatiky a informačných technológií |T FIIT Ústav počítačového inžinierstva a aplikovanej informatiky |X 110897 |U I400 |Y 672 |7 110897 | |
| 242 | 0 | 1 | |a Metódy interpretovateľnosti použitia hlbokých neurónových sietí pre spracovanie obrazových medicínskych dát |y slo |
| 245 | 1 | 0 | |a Interpretability methods of deep neural networks for medical image data processing |
| 260 | |c 2023 | ||
| 650 | 4 | |a interpretovateľnosť |2 slo | |
| 650 | 4 | |a vysvetliteľnosť |2 slo | |
| 650 | 4 | |a CNN |2 slo | |
| 650 | 4 | |a röntgen |2 slo | |
| 650 | 4 | |a ResNet |2 slo | |
| 650 | 4 | |a interpretability |2 eng | |
| 650 | 4 | |a explainability |2 eng | |
| 650 | 4 | |a CNN |2 eng | |
| 650 | 4 | |a chest x-ray |2 eng | |
| 650 | 4 | |a ResNet |2 eng | |
| 700 | 1 | |a Benešová, Vanda |u 070400 |k Z1 |4 ths |U FIIT Fakulta informatiky a informačných technológií |T FIIT Ústav počítačového inžinierstva a aplikovanej informatiky |X 63121 |U I400 |Y 672 |7 63121 | |
| 856 | 4 | |u http://is.stuba.sk/zp/portal_zp.pl?podrobnosti=162751 | |